000 00729nam a2200289Ia 4500
005 20260324124640.0
008 008 260324s9999 xx 000 0 eng d
020 _a9781315702643
037 _aEBOOK
040 _aCRL
040 _beng
040 _cCRL
041 _2eng
041 _aeng
084 _qCRL
100 _aBruce Elleman; Stephen Kotkin
_91174976
245 0 _aManchurian Railways and the Opening of China: An International History
245 3 _bAn International History
260 _bTaylor and Francis
260 _c2010
365 _a
365 _b290
856 _uhttp://www.taylorfrancis.com/books/9781315702643
942 _cEBOOK
999 _c1769524
_d1769524